[Event "FIDE World Cup 2025"]
[Site "Goa, India"]
[Date "2025.11.03"]
[Round "3.7"]
[White "Kuybokarov, Temur"]
[Black "Subelj, Jan"]
[Result "1-0"]
[TimeControl ": 90 minutes for the first 40 moves, followed by 30 minutes for the rest of the gamewith an increment of 30 seconds per move starting from move 1"]
[WhiteFideId "14203049"]
[BlackFideId "14618583"]
[WhiteElo "2535"]
[BlackElo "2545"]

1. e4 {[%clk 00:15:17]} {[%emt 00:00:02]} e5 {[%clk 00:15:18]} {[%emt
00:00:03]} 2. Nf3 {[%clk 00:15:25]} {[%emt 00:00:02]} Nc6 {[%clk 00:15:26]}
{[%emt 00:00:02]} 3. Bb5 {[%clk 00:15:33]} {[%emt 00:00:02]} a6 {[%clk
00:15:34]} {[%emt 00:00:02]} 4. Ba4 {[%clk 00:15:41]} {[%emt 00:00:02]} Nf6
{[%clk 00:15:42]} {[%emt 00:00:02]} 5. O-O {[%clk 00:15:47]} {[%emt 00:00:04]}
Be7 {[%clk 00:15:50]} {[%emt 00:00:02]} 6. d3 {[%clk 00:15:51]} {[%emt
00:00:07]} b5 {[%clk 00:15:58]} {[%emt 00:00:02]} 7. Bb3 {[%clk 00:15:59]}
{[%emt 00:00:03]} d6 {[%clk 00:16:06]} {[%emt 00:00:01]} 8. a4 {[%clk
00:16:07]} {[%emt 00:00:02]} Bd7 {[%clk 00:16:14]} {[%emt 00:00:02]} 9. c3
{[%clk 00:16:15]} {[%emt 00:00:03]} O-O {[%clk 00:16:21]} {[%emt 00:00:02]} 10.
Ba2 {[%clk 00:16:23]} {[%emt 00:00:02]} Qc8 {[%clk 00:16:26]} {[%emt 00:00:06]}
11. Nbd2 {[%clk 00:15:07]} {[%emt 00:01:25]} Bd8 {[%clk 00:16:20]} {[%emt
00:00:16]} 12. Re1 {[%clk 00:14:38]} {[%emt 00:00:40]} Ne7 {[%clk 00:16:27]}
{[%emt 00:00:03]} 13. Nf1 {[%clk 00:13:51]} {[%emt 00:00:56]} bxa4 {[%clk
00:13:52]} {[%emt 00:02:45]} 14. Bb1 {[%clk 00:13:29]} {[%emt 00:00:33]} Qb7
{[%clk 00:12:34]} {[%emt 00:01:27]} 15. Bc2 {[%clk 00:13:18]} {[%emt 00:00:21]}
c5 {[%clk 00:12:40]} {[%emt 00:00:04]} 16. Bxa4 {[%clk 00:13:01]} {[%emt
00:00:27]} Bxa4 {[%clk 00:10:28]} {[%emt 00:02:22]} 17. Rxa4 {[%clk 00:12:42]}
{[%emt 00:00:29]} h6 {[%clk 00:10:18]} {[%emt 00:00:21]} 18. Ne3 {[%clk
00:12:18]} {[%emt 00:00:33]} Bc7 {[%clk 00:10:23]} {[%emt 00:00:05]} 19. Nh4
{[%clk 00:11:56]} {[%emt 00:00:33]} g6 {[%clk 00:06:11]} {[%emt 00:04:21]} 20.
Nc4 {[%clk 00:11:41]} {[%emt 00:00:25]} Kg7 {[%clk 00:04:25]} {[%emt 00:01:56]}
21. f4 {[%clk 00:11:38]} {[%emt 00:00:13]} exf4 {[%clk 00:04:19]} {[%emt
00:00:15]} 22. Bxf4 {[%clk 00:11:26]} {[%emt 00:00:22]} d5 {[%clk 00:03:52]}
{[%emt 00:00:38]} 23. Na5 {[%clk 00:08:45]} {[%emt 00:02:51]} Qb8 {[%clk
00:04:00]} {[%emt 00:00:02]} 24. Bxc7 {[%clk 00:07:59]} {[%emt 00:00:56]} Qxc7
{[%clk 00:04:08]} {[%emt 00:00:02]} 25. e5 {[%clk 00:07:46]} {[%emt 00:00:22]}
Nh7 {[%clk 00:03:18]} {[%emt 00:01:00]} 26. Qf3 {[%clk 00:06:19]} {[%emt
00:01:37]} Rae8 {[%clk 00:03:25]} {[%emt 00:00:04]} 27. Qf2 {[%clk 00:05:45]}
{[%emt 00:00:43]} Nc8 {[%clk 00:02:50]} {[%emt 00:00:45]} 28. Nb3 {[%clk
00:04:42]} {[%emt 00:01:13]} Rxe5 {[%clk 00:02:41]} {[%emt 00:00:19]} 29. Rxe5
{[%clk 00:04:27]} {[%emt 00:00:25]} Qxe5 {[%clk 00:02:48]} {[%emt 00:00:02]} 30.
Nxc5 {[%clk 00:04:27]} {[%emt 00:00:11]} Qg5 {[%clk 00:01:19]} {[%emt
00:01:39]} 31. Ra1 {[%clk 00:03:46]} {[%emt 00:00:51]} Ne7 {[%clk 00:00:34]}
{[%emt 00:00:55]} 32. Rf1 {[%clk 00:03:04]} {[%emt 00:00:52]} Qg4 {[%clk
00:00:15]} {[%emt 00:00:29]} 33. h3 {[%clk 00:01:43]} {[%emt 00:01:31]} Qc8
{[%clk 00:00:24]} {[%emt 00:00:01]} 34. b4 {[%clk 00:01:42]} {[%emt 00:00:11]}
Nc6 {[%clk 00:00:17]} {[%emt 00:00:18]} 35. Qg3 {[%clk 00:01:50]} {[%emt
00:00:02]} Ng5 {[%clk 00:00:21]} {[%emt 00:00:06]} 36. Qd6 {[%clk 00:01:51]}
{[%emt 00:00:09]} Ne6 {[%clk 00:00:11]} {[%emt 00:00:21]} 37. Qxd5 {[%clk
00:00:40]} {[%emt 00:01:21]} Nxc5 {[%clk 00:00:19]} {[%emt 00:00:02]} 38. Qxc5
{[%clk 00:00:45]} {[%emt 00:00:05]} Qd7 {[%clk 00:00:28]} {[%emt 00:00:01]} 39.
Nxg6 {[%clk 00:00:39]} {[%emt 00:00:16]} Re8 {[%clk 00:00:19]} {[%emt
00:00:19]} 40. Nf4 {[%clk 00:00:45]} {[%emt 00:00:03]} Re5 {[%clk 00:00:23]}
{[%emt 00:00:06]} 41. Qf2 {[%clk 00:00:49]} {[%emt 00:00:06]} Rg5 {[%clk
00:00:12]} {[%emt 00:00:21]} 42. d4 {[%clk 00:00:51]} {[%emt 00:00:08]} Nd8
{[%clk 00:00:13]} {[%emt 00:00:09]} 43. Nd3 {[%clk 00:00:54]} {[%emt 00:00:06]}
Kh7 {[%clk 00:00:14]} {[%emt 00:00:10]} 44. Kh1 {[%clk 00:00:49]} {[%emt
00:00:16]} Qc6 {[%clk 00:00:17]} {[%emt 00:00:07]} 45. Ne5 {[%clk 00:00:53]}
{[%emt 00:00:05]} Qxc3 {[%clk 00:00:16]} {[%emt 00:00:12]} 46. Nxf7 {[%clk
00:00:55]} {[%emt 00:00:08]} Nxf7 {[%clk 00:00:24]} {[%emt 00:00:01]} 47. Qxf7+
{[%clk 00:01:03]} {[%emt 00:00:02]} Rg7 {[%clk 00:00:33]} {[%emt 00:00:01]} 48.
Qf5+ {[%clk 00:01:05]} {[%emt 00:00:07]} Kh8 {[%clk 00:00:42]} {[%emt
00:00:02]} 49. Qe6 {[%clk 00:00:50]} {[%emt 00:00:25]} Kh7 {[%clk 00:00:16]}
{[%emt 00:00:36]} 50. Qe4+ {[%clk 00:00:46]} {[%emt 00:00:14]} Kg8 {[%clk
00:00:25]} {[%emt 00:00:01]} 51. d5 {[%clk 00:00:49]} {[%emt 00:00:07]} Qd2
{[%clk 00:00:25]} {[%emt 00:00:10]} 52. Rf6 {[%clk 00:00:27]} {[%emt 00:00:32]}
Qc1+ {[%clk 00:00:11]} {[%emt 00:00:25]} 53. Kh2 {[%clk 00:00:35]} {[%emt
00:00:01]} Qg5 {[%clk 00:00:11]} {[%emt 00:00:11]} 54. Rxa6 {[%clk 00:00:29]}
{[%emt 00:00:15]} Qg3+ {[%clk 00:00:12]} {[%emt 00:00:10]} 55. Kh1 {[%clk
00:00:37]} {[%emt 00:00:02]} 1-0

[Event "FIDE World Cup 2025"]
[Site "Goa, India"]
[Date "2025.11.03"]
[Round "3.8"]
[White "Raja, Rithvik R"]
[Black "Nogerbek, Kazybek"]
[Result "0-1"]
[TimeControl ": 90 minutes for the first 40 moves, followed by 30 minutes for the rest of the gamewith an increment of 30 seconds per move starting from move 1"]
[WhiteFideId "35007394"]
[BlackFideId "13710427"]
[WhiteElo "2541"]
[BlackElo "2543"]

1. c4 {[%clk 00:15:17]} e6 {[%clk 00:15:18]} {[%emt 00:00:01]} 2. Nc3 {[%clk
00:15:25]} {[%emt 00:00:02]} d5 {[%clk 00:15:27]} {[%emt 00:00:02]} 3. d4
{[%clk 00:15:34]} {[%emt 00:00:01]} Nf6 {[%clk 00:15:35]} {[%emt 00:00:01]} 4.
cxd5 {[%clk 00:15:42]} {[%emt 00:00:02]} exd5 {[%clk 00:15:44]} {[%emt
00:00:02]} 5. Bg5 {[%clk 00:15:50]} {[%emt 00:00:02]} Be7 {[%clk 00:15:52]}
{[%emt 00:00:01]} 6. e3 {[%clk 00:15:59]} {[%emt 00:00:02]} h6 {[%clk
00:16:00]} {[%emt 00:00:02]} 7. Bh4 {[%clk 00:16:07]} {[%emt 00:00:02]} Bg4
{[%clk 00:16:09]} {[%emt 00:00:01]} 8. Qc2 {[%clk 00:15:59]} {[%emt 00:00:18]}
O-O {[%clk 00:16:11]} {[%emt 00:00:07]} 9. h3 {[%clk 00:15:51]} {[%emt
00:00:20]} Be6 {[%clk 00:16:20]} {[%emt 00:00:01]} 10. Nf3 {[%clk 00:15:59]}
{[%emt 00:00:02]} Ne8 {[%clk 00:16:28]} {[%emt 00:00:01]} 11. Bg3 {[%clk
00:15:55]} {[%emt 00:00:14]} Bd6 {[%clk 00:16:37]} {[%emt 00:00:01]} 12. Ne5
{[%clk 00:16:03]} {[%emt 00:00:03]} Nc6 {[%clk 00:16:46]} 13. Rc1 {[%clk
00:16:11]} {[%emt 00:00:02]} Ne7 {[%clk 00:15:33]} {[%emt 00:01:23]} 14. Bd3
{[%clk 00:16:15]} {[%emt 00:00:07]} f6 {[%clk 00:15:22]} {[%emt 00:00:20]} 15.
Nf3 {[%clk 00:16:23]} {[%emt 00:00:02]} c6 {[%clk 00:14:46]} {[%emt 00:00:46]}
16. O-O {[%clk 00:15:51]} {[%emt 00:00:42]} Qd7 {[%clk 00:14:10]} {[%emt
00:00:46]} 17. Ne2 {[%clk 00:12:33]} {[%emt 00:03:27]} Bf5 {[%clk 00:13:36]}
{[%emt 00:00:44]} 18. Ne1 {[%clk 00:11:13]} {[%emt 00:01:30]} Qe6 {[%clk
00:12:21]} {[%emt 00:01:26]} 19. Qb3 {[%clk 00:10:38]} {[%emt 00:00:45]} Rb8
{[%clk 00:11:26]} {[%emt 00:01:05]} 20. Bxd6 {[%clk 00:08:47]} {[%emt
00:02:01]} Nxd6 {[%clk 00:11:34]} {[%emt 00:00:02]} 21. Nf4 {[%clk 00:08:56]}
Qd7 {[%clk 00:11:06]} {[%emt 00:00:37]} 22. Bxf5 {[%clk 00:08:35]} {[%emt
00:00:31]} Nexf5 {[%clk 00:10:40]} {[%emt 00:00:36]} 23. Ned3 {[%clk 00:08:35]}
{[%emt 00:00:11]} g5 {[%clk 00:10:24]} {[%emt 00:00:25]} 24. Nc5 {[%clk
00:07:47]} {[%emt 00:00:58]} Qf7 {[%clk 00:10:33]} 25. Ne2 {[%clk 00:06:55]}
{[%emt 00:01:03]} Rfe8 {[%clk 00:10:13]} {[%emt 00:00:29]} 26. Qd3 {[%clk
00:06:29]} {[%emt 00:00:37]} Re7 {[%clk 00:09:22]} {[%emt 00:01:01]} 27. Nc3
{[%clk 00:06:00]} {[%emt 00:00:38]} Rbe8 {[%clk 00:09:11]} {[%emt 00:00:22]} 28.
b4 {[%clk 00:05:24]} {[%emt 00:00:46]} a6 {[%clk 00:08:02]} {[%emt 00:01:19]}
29. a4 {[%clk 00:05:22]} {[%emt 00:00:12]} Qg7 {[%clk 00:07:34]} {[%emt
00:00:38]} 30. Qd1 {[%clk 00:04:13]} {[%emt 00:01:19]} Qg6 {[%clk 00:05:11]}
{[%emt 00:02:33]} 31. Re1 {[%clk 00:04:22]} {[%emt 00:00:01]} h5 {[%clk
00:05:10]} {[%emt 00:00:11]} 32. Nd3 {[%clk 00:04:23]} {[%emt 00:00:08]} Nh4
{[%clk 00:02:47]} {[%emt 00:02:34]} 33. b5 {[%clk 00:02:04]} {[%emt 00:02:29]}
g4 {[%clk 00:01:51]} {[%emt 00:01:06]} 34. Nf4 {[%clk 00:01:48]} {[%emt
00:00:27]} Qg5 {[%clk 00:01:57]} {[%emt 00:00:03]} 35. bxc6 {[%clk 00:01:03]}
{[%emt 00:00:56]} bxc6 {[%clk 00:01:58]} {[%emt 00:00:09]} 36. hxg4 {[%clk
00:01:05]} {[%emt 00:00:08]} hxg4 {[%clk 00:02:06]} {[%emt 00:00:02]} 37. Nce2
{[%clk 00:01:12]} {[%emt 00:00:02]} Ndf5 {[%clk 00:01:16]} {[%emt 00:01:01]} 38.
Ng3 {[%clk 00:00:19]} {[%emt 00:01:03]} Nxg3 {[%clk 00:01:10]} {[%emt
00:00:17]} 39. fxg3 {[%clk 00:00:28]} Nf5 {[%clk 00:01:19]} 40. Rxc6 {[%clk
00:00:34]} {[%emt 00:00:04]} Nxg3 {[%clk 00:01:03]} {[%emt 00:00:26]} 41. Qb3
{[%clk 00:00:20]} {[%emt 00:00:24]} Qxf4 {[%clk 00:00:36]} {[%emt 00:00:37]} 42.
Qxd5+ {[%clk 00:00:13]} {[%emt 00:00:17]} Kg7 {[%clk 00:00:30]} {[%emt
00:00:15]} 0-1


[ePGN "0.1;DGT LiveChess/2.2.6"]

[Event "FIDE World Cup 2025"]
[Site "Goa, India"]
[Date "2025.11.03"]
[Round "4.1"]
[White "Kavin, Mohan"]
[Black "Hovhannisyan, Robert"]
[Result "0-1"]
[TimeControl ": 90 minutes for the first 40 moves, followed by 30 minutes for the rest of the gamewith an increment of 30 seconds per move starting from move 1"]
[WhiteFideId "5739047"]
[BlackFideId "13302507"]
[WhiteElo "2346"]
[BlackElo "2633"]

1. d4 {[%clk 00:15:18]} {[%emt 00:00:01]} Nf6 {[%clk 00:15:19]} {[%emt
00:00:02]} 2. c4 {[%clk 00:15:26]} {[%emt 00:00:01]} e6 {[%clk 00:15:28]} 3.
Nf3 {[%clk 00:15:35]} Bb4+ {[%clk 00:15:36]} {[%emt 00:00:03]} 4. Bd2 {[%clk
00:15:45]} Bxd2+ {[%clk 00:15:43]} {[%emt 00:00:03]} 5. Qxd2 {[%clk 00:15:53]}
d5 {[%clk 00:15:51]} {[%emt 00:00:03]} 6. Nc3 {[%clk 00:15:40]} {[%emt
00:00:23]} O-O {[%clk 00:15:56]} {[%emt 00:00:04]} 7. e3 {[%clk 00:15:37]}
{[%emt 00:00:13]} Qe7 {[%clk 00:16:01]} {[%emt 00:00:05]} 8. Bd3 {[%clk
00:15:42]} {[%emt 00:00:05]} dxc4 {[%clk 00:16:08]} {[%emt 00:00:03]} 9. Bxc4
{[%clk 00:15:51]} {[%emt 00:00:01]} Rd8 {[%clk 00:15:59]} {[%emt 00:00:19]} 10.
Qc2 {[%clk 00:15:02]} {[%emt 00:00:59]} c5 {[%clk 00:15:59]} {[%emt 00:00:10]}
11. dxc5 {[%clk 00:14:55]} {[%emt 00:00:17]} Qxc5 {[%clk 00:15:56]} {[%emt
00:00:14]} 12. Bd3 {[%clk 00:14:07]} {[%emt 00:00:58]} Nc6 {[%clk 00:15:24]}
{[%emt 00:00:42]} 13. a3 {[%clk 00:14:15]} {[%emt 00:00:02]} Bd7 {[%clk
00:14:59]} {[%emt 00:00:35]} 14. O-O {[%clk 00:14:08]} {[%emt 00:00:16]} Ne5
{[%clk 00:14:33]} {[%emt 00:00:37]} 15. Nxe5 {[%clk 00:13:20]} {[%emt
00:00:57]} Qxe5 {[%clk 00:14:42]} {[%emt 00:00:02]} 16. h3 {[%clk 00:12:57]}
{[%emt 00:00:33]} Bc6 {[%clk 00:14:36]} {[%emt 00:00:16]} 17. Rfd1 {[%clk
00:12:49]} {[%emt 00:00:18]} h6 {[%clk 00:13:56]} {[%emt 00:00:49]} 18. Rac1
{[%clk 00:12:39]} {[%emt 00:00:20]} Rac8 {[%clk 00:13:05]} {[%emt 00:01:01]} 19.
Qe2 {[%clk 00:12:19]} {[%emt 00:00:30]} Rd7 {[%clk 00:12:01]} {[%emt 00:01:14]}
20. b4 {[%clk 00:11:14]} {[%emt 00:01:14]} Rdc7 {[%clk 00:11:01]} {[%emt
00:01:10]} 21. f4 {[%clk 00:10:05]} {[%emt 00:01:20]} Qh5 {[%clk 00:11:10]}
{[%emt 00:00:01]} 22. Qxh5 {[%clk 00:10:13]} {[%emt 00:00:01]} Nxh5 {[%clk
00:11:19]} {[%emt 00:00:02]} 23. Nb5 {[%clk 00:10:18]} {[%emt 00:00:05]} Bxb5
{[%clk 00:11:14]} {[%emt 00:00:15]} 24. Rxc7 {[%clk 00:10:26]} {[%emt
00:00:02]} Rxc7 {[%clk 00:11:22]} {[%emt 00:00:01]} 25. Bxb5 {[%clk 00:10:34]}
{[%emt 00:00:02]} g5 {[%clk 00:10:50]} {[%emt 00:00:43]} 26. Be2 {[%clk
00:10:06]} {[%emt 00:00:38]} Ng3 {[%clk 00:10:14]} {[%emt 00:00:45]} 27. Bf3
{[%clk 00:09:54]} {[%emt 00:00:23]} Nf5 {[%clk 00:09:52]} {[%emt 00:00:32]} 28.
Rd8+ {[%clk 00:09:50]} {[%emt 00:00:14]} Kg7 {[%clk 00:10:00]} {[%emt
00:00:02]} 29. Ra8 {[%clk 00:09:37]} {[%emt 00:00:23]} b6 {[%clk 00:09:49]}
{[%emt 00:00:21]} 30. fxg5 {[%clk 00:09:18]} {[%emt 00:00:30]} hxg5 {[%clk
00:09:54]} {[%emt 00:00:04]} 31. Kf2 {[%clk 00:09:20]} {[%emt 00:00:08]} Nd6
{[%clk 00:09:07]} {[%emt 00:00:57]} 32. Ke2 {[%clk 00:08:38]} {[%emt 00:00:51]}
Nb5 {[%clk 00:09:00]} {[%emt 00:00:18]} 33. a4 {[%clk 00:08:04]} {[%emt
00:00:44]} Nc3+ {[%clk 00:09:08]} {[%emt 00:00:02]} 34. Kd3 {[%clk 00:08:14]}
Nxa4 {[%clk 00:09:13]} {[%emt 00:00:05]} 35. b5 {[%clk 00:08:23]} Nb2+ {[%clk
00:08:38]} {[%emt 00:00:45]} 36. Kd4 {[%clk 00:07:41]} {[%emt 00:00:52]} Rc4+
{[%clk 00:07:55]} {[%emt 00:00:52]} 37. Ke5 {[%clk 00:07:50]} Rc5+ {[%clk
00:08:00]} {[%emt 00:00:05]} 38. Kd6 {[%clk 00:07:59]} Nc4+ {[%clk 00:07:46]}
{[%emt 00:00:24]} 39. Ke7 {[%clk 00:08:00]} {[%emt 00:00:10]} Nxe3 {[%clk
00:07:20]} {[%emt 00:00:36]} 40. Rxa7 {[%clk 00:07:32]} {[%emt 00:00:39]} Nf5+
{[%clk 00:07:15]} {[%emt 00:00:14]} 41. Kd8 {[%clk 00:07:21]} {[%emt 00:00:20]}
Rxb5 {[%clk 00:06:26]} {[%emt 00:01:00]} 42. Ke8 {[%clk 00:07:18]} {[%emt
00:00:12]} Kg6 {[%clk 00:05:52]} {[%emt 00:00:45]} 43. Be4 {[%clk 00:06:47]}
{[%emt 00:00:41]} Re5 {[%clk 00:04:57]} {[%emt 00:01:04]} 44. Bb1 {[%clk
00:06:31]} {[%emt 00:00:26]} Ra5 {[%clk 00:04:50]} {[%emt 00:00:17]} 45. Rb7
{[%clk 00:05:55]} {[%emt 00:00:45]} Ra8+ {[%clk 00:04:29]} {[%emt 00:00:32]} 46.
Kd7 {[%clk 00:06:04]} {[%emt 00:00:01]} Kf6 {[%clk 00:04:23]} {[%emt 00:00:15]}
47. Rxb6 {[%clk 00:05:59]} {[%emt 00:00:15]} Ra7+ {[%clk 00:04:26]} {[%emt
00:00:08]} 48. Kc6 {[%clk 00:06:08]} {[%emt 00:00:02]} Ne3 {[%clk 00:04:25]}
{[%emt 00:00:10]} 49. Rb2 {[%clk 00:05:27]} {[%emt 00:00:52]} Ra4 {[%clk
00:03:37]} {[%emt 00:00:57]} 50. Re2 {[%clk 00:04:05]} {[%emt 00:01:33]} Rc4+
{[%clk 00:03:26]} {[%emt 00:00:20]} 51. Kb5 {[%clk 00:04:09]} {[%emt 00:00:07]}
Rc3 {[%clk 00:03:23]} {[%emt 00:00:12]} 52. Rf2+ {[%clk 00:03:48]} {[%emt
00:00:32]} Ke7 {[%clk 00:03:28]} {[%emt 00:00:05]} 53. Be4 {[%clk 00:02:19]}
{[%emt 00:01:38]} f5 {[%clk 00:03:32]} {[%emt 00:00:06]} 54. Bf3 {[%clk
00:02:27]} {[%emt 00:00:02]} Kf6 {[%clk 00:02:59]} {[%emt 00:00:43]} 55. Kb4
{[%clk 00:02:32]} {[%emt 00:00:06]} Rc8 {[%clk 00:02:52]} {[%emt 00:00:17]} 56.
Re2 {[%clk 00:02:14]} {[%emt 00:00:28]} Nc2+ {[%clk 00:02:58]} {[%emt
00:00:04]} 57. Ka4 {[%clk 00:02:29]} {[%emt 00:01:19]} Nd4 {[%clk 00:04:02]}
{[%emt 00:00:04]} 58. Rf2 {[%clk 00:02:38]} Nxf3 {[%clk 00:04:01]} {[%emt
00:00:11]} 59. Rxf3 {[%clk 00:02:47]} {[%emt 00:00:01]} Rc2 {[%clk 00:03:52]}
{[%emt 00:00:18]} 60. g4 {[%clk 00:02:40]} {[%emt 00:00:18]} f4 {[%clk
00:03:55]} {[%emt 00:00:08]} 61. Kb3 {[%clk 00:02:49]} {[%emt 00:00:02]} Rg2
{[%clk 00:03:56]} {[%emt 00:00:08]} 62. Kc4 {[%clk 00:02:48]} {[%emt 00:00:12]}
Rg3 {[%clk 00:03:56]} {[%emt 00:00:09]} 63. Rf1 {[%clk 00:02:57]} Rxh3 {[%clk
00:04:03]} {[%emt 00:00:03]} 64. Kd4 {[%clk 00:03:06]} Rg3 {[%clk 00:04:05]}
{[%emt 00:00:08]} 65. Rh1 {[%clk 00:03:13]} {[%emt 00:00:03]} Rxg4 {[%clk
00:04:10]} {[%emt 00:00:05]} 66. Ke4 {[%clk 00:03:22]} Rg3 {[%clk 00:04:11]}
{[%emt 00:00:08]} 67. Rh6+ {[%clk 00:03:30]} {[%emt 00:00:04]} Kg7 {[%clk
00:04:17]} {[%emt 00:00:03]} 68. Rh2 {[%clk 00:03:37]} {[%emt 00:00:04]} Re3+
{[%clk 00:04:25]} {[%emt 00:00:03]} 69. Kd4 {[%clk 00:03:44]} {[%emt 00:00:03]}
Kf6 {[%clk 00:04:32]} {[%emt 00:00:02]} 70. Rh8 {[%clk 00:03:19]} {[%emt
00:00:36]} Kf5 {[%clk 00:04:25]} {[%emt 00:00:16]} 71. Rf8+ {[%clk 00:03:21]}
{[%emt 00:00:08]} Kg4 {[%clk 00:04:34]} {[%emt 00:00:02]} 72. Rg8 {[%clk
00:03:20]} {[%emt 00:00:10]} e5+ {[%clk 00:04:37]} {[%emt 00:00:07]} 73. Kd5
{[%clk 00:03:29]} f3 {[%clk 00:04:45]} {[%emt 00:00:03]} 0-1

[Event "FIDE World Cup 2025"]
[Site "Goa, India"]
[Date "2025.11.03"]
[Round "4.2"]
[White "Thavandiran, Shiyam"]
[Black "Yuffa, Daniil"]
[Result "1/2-1/2"]
[TimeControl ": 90 minutes for the first 40 moves, followed by 30 minutes for the rest of the gamewith an increment of 30 seconds per move starting from move 1"]
[WhiteFideId "2605058"]
[BlackFideId "24131423"]
[WhiteElo "2402"]
[BlackElo "2621"]

1. e4 {[%clk 00:15:17]} {[%emt 00:00:03]} c6 {[%clk 00:15:19]} {[%emt
00:00:02]} 2. Nf3 {[%clk 00:15:25]} {[%emt 00:00:02]} d5 {[%clk 00:15:28]} 3.
d3 {[%clk 00:15:33]} {[%emt 00:00:02]} Bg4 {[%clk 00:15:36]} {[%emt 00:00:01]}
4. h3 {[%clk 00:15:20]} {[%emt 00:00:23]} Bh5 {[%clk 00:15:45]} {[%emt
00:00:02]} 5. Qe2 {[%clk 00:15:24]} {[%emt 00:00:05]} e6 {[%clk 00:15:50]}
{[%emt 00:00:11]} 6. g4 {[%clk 00:15:13]} {[%emt 00:00:15]} Bg6 {[%clk
00:15:58]} {[%emt 00:00:02]} 7. h4 {[%clk 00:14:47]} {[%emt 00:00:38]} h5
{[%clk 00:15:58]} {[%emt 00:00:09]} 8. g5 {[%clk 00:14:45]} {[%emt 00:00:11]}
Bd6 {[%clk 00:15:51]} {[%emt 00:00:17]} 9. c4 {[%clk 00:13:06]} {[%emt
00:01:49]} Ne7 {[%clk 00:15:31]} {[%emt 00:00:29]} 10. Nc3 {[%clk 00:13:04]}
{[%emt 00:00:13]} dxc4 {[%clk 00:15:08]} {[%emt 00:00:33]} 11. dxc4 {[%clk
00:13:11]} {[%emt 00:00:04]} Nd7 {[%clk 00:14:31]} {[%emt 00:00:47]} 12. a3
{[%clk 00:11:04]} {[%emt 00:02:17]} O-O {[%clk 00:13:44]} {[%emt 00:00:56]} 13.
Be3 {[%clk 00:10:55]} {[%emt 00:00:19]} Qc7 {[%emt 00:01:45]} 14. Bh3 {[%clk
00:09:56]} {[%emt 00:01:05]} a6 {[%clk 00:11:06]} {[%emt 00:01:18]} 15. Rd1
{[%clk 00:08:35]} {[%emt 00:01:30]} Rad8 {[%emt 00:00:53]} 16. O-O {[%clk
00:08:26]} {[%emt 00:00:07]} c5 {[%clk 00:10:33]} {[%emt 00:00:13]} 17. Rd2
{[%clk 00:08:07]} {[%emt 00:00:32]} Ne5 {[%clk 00:09:34]} {[%emt 00:01:09]} 18.
Ne1 {[%clk 00:06:59]} {[%emt 00:01:13]} N7c6 {[%clk 00:07:54]} {[%emt
00:01:51]} 19. Nc2 {[%clk 00:06:52]} {[%emt 00:00:17]} Be7 {[%clk 00:06:20]}
{[%emt 00:01:45]} 20. Rfd1 {[%clk 00:06:26]} {[%emt 00:00:38]} Rxd2 {[%clk
00:06:26]} 21. Rxd2 {[%clk 00:06:31]} {[%emt 00:00:06]} Rd8 {[%clk 00:06:29]}
{[%emt 00:00:07]} 22. f4 {[%clk 00:03:20]} {[%emt 00:03:20]} Rxd2 {[%clk
00:06:29]} {[%emt 00:00:10]} 23. Bxd2 {[%clk 00:03:29]} {[%emt 00:00:02]} Nd4
{[%clk 00:06:23]} {[%emt 00:00:16]} 24. Nxd4 {[%clk 00:03:37]} {[%emt
00:00:05]} cxd4 {[%clk 00:06:31]} 25. fxe5 {[%clk 00:03:44]} {[%emt 00:00:01]}
dxc3 {[%clk 00:03:35]} {[%emt 00:03:07]} 26. Bxc3 {[%clk 00:03:52]} {[%emt
00:00:02]} Qc6 {[%clk 00:03:40]} {[%emt 00:00:05]} 27. Bg2 {[%clk 00:03:55]}
{[%emt 00:00:10]} b5 28. cxb5 {[%clk 00:03:03]} {[%emt 00:01:01]} axb5 {[%clk
00:03:57]} {[%emt 00:00:02]} 29. Qd3 {[%clk 00:03:08]} {[%emt 00:00:04]} Bc5+
{[%clk 00:03:55]} {[%emt 00:00:13]} 30. Kh2 {[%clk 00:02:34]} {[%emt 00:00:43]}
Ba7 {[%clk 00:03:54]} {[%emt 00:00:11]} 31. Qd8+ {[%clk 00:01:43]} {[%emt
00:01:02]} Kh7 {[%clk 00:04:03]} {[%emt 00:00:01]} 32. Qd1 {[%clk 00:01:48]}
{[%emt 00:00:05]} Qc5 {[%clk 00:03:57]} {[%emt 00:00:18]} 33. Qe1 {[%clk
00:01:33]} {[%emt 00:00:24]} Bb8 {[%clk 00:03:39]} {[%emt 00:00:27]} 34. Qg3
{[%clk 00:01:40]} {[%emt 00:00:03]} Qc4 {[%clk 00:03:38]} {[%emt 00:00:13]} 35.
Qe3 {[%clk 00:01:39]} {[%emt 00:00:07]} Qc7 {[%clk 00:02:20]} {[%emt 00:01:30]}
36. Bf3 {[%clk 00:00:26]} {[%emt 00:01:24]} Ba7 {[%clk 00:02:24]} {[%emt
00:00:06]} 37. Qe1 {[%clk 00:00:30]} {[%emt 00:00:05]} Qc4 {[%clk 00:02:21]}
{[%emt 00:00:13]} 38. Kg2 {[%clk 00:00:34]} {[%emt 00:00:07]} Qc5 {[%clk
00:01:58]} {[%emt 00:00:34]} 39. Kh3 {[%clk 00:00:14]} {[%emt 00:00:28]} Bb8
{[%clk 00:01:59]} {[%emt 00:00:10]} 40. Qe2 {[%clk 00:00:19]} {[%emt 00:00:04]}
Bxe5 {[%clk 00:01:48]} {[%emt 00:00:23]} 41. Bxh5 {[%clk 00:00:14]} {[%emt
00:00:15]} Bxc3 {[%clk 00:01:47]} {[%emt 00:00:11]} 42. Bxg6+ {[%clk 00:00:22]}
{[%emt 00:00:02]} fxg6 {[%clk 00:01:51]} {[%emt 00:00:06]} 43. bxc3 {[%clk
00:00:28]} {[%emt 00:00:04]} Qxc3+ {[%clk 00:01:57]} {[%emt 00:00:03]} 44. Kg2
{[%clk 00:00:16]} {[%emt 00:00:22]} Qb3 {[%clk 00:01:10]} {[%emt 00:00:58]} 45.
Qf3 {[%clk 00:00:20]} {[%emt 00:00:05]} Qb2+ {[%clk 00:01:11]} {[%emt
00:00:09]} 46. Kg3 {[%clk 00:00:26]} {[%emt 00:00:05]} Kg8 {[%clk 00:01:14]}
{[%emt 00:00:06]} 47. Qd3 {[%clk 00:00:31]} {[%emt 00:00:04]} Kh7 {[%clk
00:00:58]} {[%emt 00:00:27]} 1/2-1/2